| 000 | 00461nam a2200181Ia 4500 | ||
|---|---|---|---|
| 001 | 15531 | ||
| 005 | 20260306170203.0 | ||
| 008 | 260306t2023||||xx |||||||||||||| ||und|| | ||
| 041 | _aESP | ||
| 082 |
_a542.1 _bD69C |
||
| 100 |
_aDíaz Murillo, Mónica Elena, _eAUT |
||
| 245 | 0 | _aGuía de práctica de química para ingeniería civil | |
| 260 | _c2023 | ||
| 300 |
_a107 páginas : _c30 cm. |
||
| 650 | _aGEN | ||
| 654 | _aCCN | ||
| 942 |
_cLIB _dJUS _fJUS _2ddc _n |
||
| 999 |
_c15531 _d15531 |
||